000 00688nam a2200241Ia 4500
005 20260430150203.0
008 008 250103s9999 xx 000 0 eng d
037 _aTheses
040 _aCRL
040 _beng
040 _ceng
041 _2eng
041 _aeng
084 _qCRL
100 _aNitish Au.; Chandra Ashish Gu.
_91236735
245 0 _aDigital acquisition of customers with respect to indian tourism sector: A study of select indian tour and travel portals
260 _c2021
300 _a165p.
650 _aEducation
700 _aUniversity of Delhi. Faculty of Education. Deptarment of Education
_91236734
942 _cTH
999 _c1849167
_d1849167